Freud and the non-european. (Record no. 17609)

MARC details
000 -LEADER
fixed length control field 00679nam a2200277Ia 4500
001 - CONTROL NUMBER
control field AUWbook001891
003 - CONTROL NUMBER IDENTIFIER
control field BDCtgAUW
005 - DATE AND TIME OF LATEST TRANSACTION
control field 20260406155116.0
008 - FIXED-LENGTH DATA ELEMENTS--GENERAL INFORMATION
fixed length control field 220908s9999 xx 000 0 eng d
020 ## - INTERNATIONAL STANDARD BOOK NUMBER
International Standard Book Number 1844675114
040 ## - CATALOGING SOURCE
Original cataloging agency BDCtgAUW
Transcribing agency BDCtgAUW
050 ## - LIBRARY OF CONGRESS CALL NUMBER
Classification number DS143.S145
100 1# - MAIN ENTRY--PERSONAL NAME
Personal name Said, Edward W,
Relator term author.
245 #0 - TITLE STATEMENT
Title Freud and the non-european.
260 ## - PUBLICATION, DISTRIBUTION, ETC.
Place of publication, distribution, etc. London :
Name of publisher, distributor, etc. New York,
300 ## - PHYSICAL DESCRIPTION
Extent 84 pages.
650 #0 - SUBJECT ADDED ENTRY--TOPICAL TERM
Topical term or geographic name entry element Identity.
650 #0 - SUBJECT ADDED ENTRY--TOPICAL TERM
Topical term or geographic name entry element Jews Outside of Palestine.
9 (RLIN) 12058
650 #0 - SUBJECT ADDED ENTRY--TOPICAL TERM
Topical term or geographic name entry element Jews.
650 #0 - SUBJECT ADDED ENTRY--TOPICAL TERM
Topical term or geographic name entry element Jews
Geographic subdivision Arab.
9 (RLIN) 79965
650 #0 - SUBJECT ADDED ENTRY--TOPICAL TERM
Topical term or geographic name entry element Relationships.
9 (RLIN) 12056
887 ## - NON-MARC INFORMATION FIELD
Content of non-MARC field BRAC
Source of data 2982
888 ## -
-- 2982
942 ## - ADDED ENTRY ELEMENTS (KOHA)
Koha item type Books
Koha issues (borrowed), all copies 0
Source of classification or shelving scheme Library of Congress Classification
945 ## - LOCAL PROCESSING INFORMATION (OCLC)
c BK

No items available.